CAMERON HYDRAULIC DATA (Record no. 59214)
[ view plain ]
| 000 -LEADER | |
|---|---|
| fixed length control field | 00315nam a22001457a 4500 |
| 008 - FIXED-LENGTH DATA ELEMENTS--GENERAL INFORMATION | |
| fixed length control field | 221220b ||||| |||| 00| 0 eng d |
| 020 ## - INTERNATIONAL STANDARD BOOK NUMBER | |
| International Standard Book Number | 9782820200006 |
| 041 ## - LANGUAGE CODE | |
| Language code of text/sound track or separate title | eng |
| 080 ## - UNIVERSAL DECIMAL CLASSIFICATION NUMBER | |
| Universal Decimal Classification number | 721 |
| 082 ## - DEWEY DECIMAL CLASSIFICATION NUMBER | |
| Classification number | 721 |
| 100 ## - Rafti | |
| Rafti | 20.2 |
| 101 ## - Shkurtesa | |
| Shkurtesa | NDERT |
| 245 ## - TITLE STATEMENT | |
| Title | CAMERON HYDRAULIC DATA |
| Statement of responsibility, etc | FLOWSERVE |
| 942 ## - ADDED ENTRY ELEMENTS (KOHA) | |
| Source of classification or shelving scheme | |
| Item type | Books |
| Withdrawn status | Lost status | Source of classification or shelving scheme | Damaged status | Not for loan | Collection code | Permanent location | Current location | Date acquired | Total Checkouts | Full call number | Barcode | Date last seen | Price effective from | Koha item type |
|---|---|---|---|---|---|---|---|---|---|---|---|---|---|---|
| Koleksioni i përgjithshem | UBT - Lipjan | UBT - Lipjan | 12/20/2022 | 721FLO | 002-8000287002601222 | 12/20/2022 | 12/20/2022 | Books | ||||||
| Koleksioni i përgjithshem | UBT - Lipjan | UBT - Lipjan | 12/20/2022 | 721FLO | 002-8000287002601223 | 12/20/2022 | 12/20/2022 | Books | ||||||
| Koleksioni i përgjithshem | UBT - Lipjan | UBT - Lipjan | 12/20/2022 | 721FLO | 002-8000287002601224 | 12/20/2022 | 12/20/2022 | Books | ||||||
| Koleksioni i përgjithshem | UBT - Lipjan | UBT - Lipjan | 12/20/2022 | 721FLO | 002-8000287002601226 | 12/20/2022 | 12/20/2022 | Books |